000 00312nam a22001337a 4500
008 171017b xxu||||| |||| 00| 0 eng d
020 _a0914292005
041 _aeng
080 _a331.101.262
100 _a52
101 _aBNJ
245 _aORGANIZATIONAL BEHAVIOR AND MANAGEMENT
_cTOSI,H.L
942 _2udc
_cBK
999 _c34281
_d34281